000 01032nam a2200205 a 4500
008 120416s1989 ||||||||||||||||| || u
020 _a0070103771
050 _aHF 5549 Cas
100 _aCascio, Wayne F
245 1 0 _aManaging human resources
246 _aproductivity, quality of work life profits
250 _a2nd. ed.
260 _aNew York
_bMcGraw-Hill
_c1989
300 _axxxiv, 693p. : ill
350 _a0.00
995 _aBINDERY (DAMAGED)
_D0.00
_e725777
_FCBU-MAIN LIBRARY (Kitwe)
_H1
_I0.00
_jHF 5549 Cas
_M1
_UDAMAGED
_y006125
_ZMain Library Open Access Collection
995 _aBINDERY (DAMAGED)
_D0.00
_e725780
_FCBU-MAIN LIBRARY (Kitwe)
_H4
_I0.00
_jHF 5549 Cas
_M4
_UDAMAGED
_y006128
_ZMain Library Open Access Collection
995 _aMAIN LIBRARY OPEN ACCESS
_D0.00
_e006127
_FCBU-MAIN LIBRARY (Kitwe)
_H2
_I0.00
_jHF 5549 Cas
_UOUT
_y006127
_ZMain Library Open Access Collection
995 _aBINDERY (DAMAGED)
_D0.00
_e725779
_FCBU-MAIN LIBRARY (Kitwe)
_H3
_I0.00
_jHF 5549 Cas
_M2
_UDAMAGED
_y006126
_ZMain Library Open Access Collection
999 _c82551
_d82551